[Event "Corus"]
[Site "Wijk aan Zee"]
[Date "2006.01.20"]
[Round "6"]
[White "Tiviakov, Sergei"]
[Black "Topalov, Veselin"]
[Result "1/2-1/2"]
[WhiteElo "2669"]
[BlackElo "2801"]
[Annotator "Rogozenco,D"]
[PlyCount "121"]
[EventDate "2006.01.14"]
[EventType "tourn"]
[EventRounds "13"]
[EventCountry "NED"]
[EventCategory "19"]
[SourceTitle "CBM 111"]
[Source "ChessBase"]
[SourceDate "2006.04.04"]
[SourceVersion "1"]
[SourceVersionDate "2006.04.04"]
[SourceQuality "1"]

1. e4 {Tiviakov} c5 2. c3 Nf6 3. e5 Nd5 4. Nf3 Nc6 5. d4 cxd4 6. cxd4 d6 7. Bc4
Nb6 8. Bb5 d5 (8... dxe5 $142 {Tiviakov}) 9. O-O (9. Nc3 $142 $14 {Tiviakov}
Bg4 $140 10. h3 Bxf3 (10... Bh5 $6 11. g4 Bg6 12. e6 $16) 11. Qxf3 $14) 9...
Bg4 10. Be3 ({In my opinion more perspective is} 10. h3 {'>=' Tiviakov.} Bxf3 (
10... Bh5 11. g4 Bg6 12. e6 {'+/=' Tiviakov. Tiviakov: '|^'} fxe6 13. Ne5 $44)
11. Qxf3 {'+/=' Tiviakov.} e6 12. Be3 Be7 13. Qg4 $1 $14 {[%csl Rg7]}) 10... e6
11. Nbd2 ({Now after} 11. h3 {'!?' Tiviakov. Black can retreat the bishop:} Bh5
({or even} 11... Bf5) 12. Nbd2 {Tiviakov}) 11... Be7 12. Qe2 (12. Rc1 {Tiviakov
} Rc8 13. h3 Bh5 14. a3 $5) 12... Rc8 (12... a6 {Tiviakov} 13. Bxc6+ bxc6 14.
Rfc1 Qd7 $14 {><c6}) 13. Rfc1 O-O 14. a3 {'!?' Tiviakov.} Qd7 ({Another plan is
} 14... Nd7 15. Rc3 (15. b4 a5 $11) 15... f6 $13) 15. h3 Bf5 {'?!' Tiviakov.} (
15... Bh5 $11 {'>==' Tiviakov.} 16. Nb3 $140 {Tiviakov} Bxf3 17. Qxf3 Nxe5 $1)
16. Nb3 Nc4 {In order to have the initiative Topalov sacrifices a pawn. In
return exchanges White's important light squared bishop and gets square d5 for
his pieces.} ({Another possibility was} 16... a6 17. Nc5 Qe8 $5 (17... Bxc5 18.
Bxc6 {'!' Tiviakov.} (18. dxc5 axb5 19. cxb6 d4) 18... Rxc6 (18... Qxc6 19.
dxc5 {'+/=' Tiviakov. Tiviakov: '/\Nd4'} (19. Rxc5 Qd7 $11) 19... Nc4 20. Nd4
$14) 19. dxc5 Nc4 20. Nd4 {'?!' Tiviakov.} (20. b3 {Tiviakov} Na5 21. Nd4 $14)
20... Nxe5 {'©' Tiviakov.} 21. Nxc6 Nxc6 $44) 18. Bxc6 (18. Bd3 {Tiviakov} Bxd3
19. Qxd3 Nc4 20. b3 Nxe3 21. Qxe3 Rc7 $11) 18... Qxc6 (18... Rxc6 {Tiviakov}
19. Nxb7 Rxc1+ 20. Bxc1 Qc6 21. Na5 $14) 19. Nxa6 Nc4 $44 20. Nc5 $14 {Tiviakov
}) 17. Bxc4 dxc4 18. Rxc4 b6 (18... Be4 19. Nc5 (19. Nbd2 {Tiviakov} Bd5 20.
Rc3 $14) 19... Bxc5 20. Rxc5 $14 Bxf3 {Tiviakov} 21. Qxf3 Nxd4 (21... b6 22.
Rc3 Ne7 $14 (22... Nxd4 $6 23. Qd1 Rcd8 24. Bg5 f6 25. exf6 $16)) 22. Bxd4 Qxd4
23. Rxc8 Rxc8 24. Qxb7 $14) 19. Nbd2 (19. Rac1 Be4 $44 20. Nbd2 {Tiviakov} Bd5
21. R4c3 $14 (21. R4c2 $14)) (19. Bg5 $6 {Tiviakov} Bxg5 20. Nxg5 b5 21. Rc3
Nxd4) (19. Nfd2 $5 $14 {Tiviakov}) 19... b5 20. Rcc1 (20. Rc3 $5 {Tiviakov})
20... Qd5 (20... a6 {Tiviakov} 21. Nb3) 21. Qd1 (21. Nb1 $2 {with the idea 22.
Nc3 does not work because of tactical reasons:} Nxd4 $1 22. Nxd4 Rxc1+ 23. Bxc1
Qxd4 $17) (21. a4 $5 $14 {Tiviakov}) 21... a5 ({After a move like} 21... a6 {
White could already transfer the knight to c3:} 22. Nb1 $1 $14) 22. Qb3 (22.
Nb1 b4 $44) 22... Be4 23. Qxd5 (23. a4 $5 $36 {(Tiviakov) <<}) 23... Bxd5 {
Both sides achieved their goals - White exchanged queens and keps the extra
pawn, while Black transferred the bishop to d5. Black's positional
compensation is obvious, nevertheless it is not simple for Black to find
targets for attack. The position is balanced.} 24. Ne1 {[%csl Rd5][%cal Ge1d3,
Gd3c5,Gd3f4]} f5 (24... f6 {Tiviakov} 25. Nd3 $14) 25. Nd3 (25. exf6 {Tiviakov}
Bxf6 $132 {><d4}) (25. f4 $5 {(Tiviakov) ()}) 25... g5 26. f3 h5 27. Nc5 {
'?!' Tiviakov. Tiviakov: '(/\Nd7-b6, /\Nb7-d6)'} (27. Rc3 $5 {Tiviakov}) (27.
a4 {Tiviakov}) (27. Bf2 {(Tiviakov) /\Nf1-e3}) (27. Rc2 $5 {(Tiviakov) (/\Rac1,
|^<->c)} Nxe5 $5 (27... f4 28. Bf2 Nxe5 29. Rxc8 Nxd3 $44) 28. Rxc8 Nxd3 29.
Rxf8+ (29. Rc2 f4 30. Bf2 Nxf2 31. Kxf2 Bf6 $44 {><d4}) 29... Kxf8 30. a4 b4
31. b3 f4 32. Bf2 Bf6 $44) 27... Rc7 (27... Rfd8 {Tiviakov} 28. Rc2 $1 {
/\Rac1, |^<->c}) 28. Rc2 (28. Nce4 $5 {Tiviakov} fxe4 29. fxe4 Bc4 30. b3 Rd7 (
30... Bd3 31. d5 $18) 31. bxc4 Nxd4 $13) 28... Rfc8 29. Rac1 Nb8 {Again both
sides can be happy. Now it is more difficult to find clear plans of improving
the position. With his advanced pawns on the fifth rank I would say that from
the practical point of view it is easier to play it with black pieces.} 30. b4
{An understandabke desire to blockade the queenside. But now Black has a
target on b4 and takes control over the a-file.} (30. Nb1 {Tiviakov} b4 31.
axb4 axb4 32. Nd2 Nd7 $11) 30... axb4 31. axb4 Nc6 32. Rb2 Ra7 33. Bf2 Kf7 34.
Nf1 Rca8 ({Another attractive continuation is} 34... f4 35. Nd2 g4 {with
obvious initiative}) (34... Ra2 $5 {Tiviakov} 35. Rxa2 (35. Rcb1 Rxb2 36. Rxb2
Bxc5 37. bxc5 (37. dxc5 Nxe5 $11) 37... b4 $44 {o^b4}) 35... Bxa2 36. Nb7 Ke8
37. Na5 Kd7 38. Nxc6 Rxc6 39. Ra1 Bc4 (39... Bd5 40. Ne3 $14) 40. Be1 $14) 35.
Ne3 Ra1 36. Rxa1 Rxa1+ 37. Kh2 Ra2 $1 {White loses back the pawn and it is
clear that something went wrong for him. However, with precise play Tiviakov
succeeds to escape.} 38. Rxa2 Bxa2 39. Nc2 Bb1 40. d5 $1 (40. Na3 Bxc5 41. dxc5
(41. Nxb1 Bxb4 $19) 41... Bd3 $17 {[%csl Ra3]} 42. Be1 {Tiviakov} Nxe5 {פa3})
40... exd5 41. Nd4 Nxe5 (41... Nxb4 42. Nxb5 {should also lead to a draw}) (
41... Nxd4 {Tiviakov} 42. Bxd4 f4 $11) 42. Nxb5 Nd3 43. Nc3 (43. Nxd3 $2 Bxd3
44. Nc3 Bc4 $17) 43... Nxf2 (43... Bc2 44. Nxd3 Bxd3 45. Nxd5) 44. Nxb1 Bxc5 (
44... f4 $5 $15 {Tiviakov}) 45. bxc5 Ke6 46. Nd2 f4 (46... h4 $5) (46... Kd7 {
Tiviakov} 47. Nb3 $11 (47. Kg3) (47. h4)) 47. h4 gxh4 (47... g4 48. g3 $11) 48.
Nb3 Kd7 49. Nd4 {'=' Tiviakov.} Kc7 50. Ne6+ Kc6 51. Nxf4 d4 52. g4 hxg3+ (
52... hxg4 53. fxg4 $11) 53. Kxg3 Nd1 54. Kh4 Nb2 55. Kxh5 Na4 56. Kg4 Nxc5 57.
Kg3 Kb5 58. Kf2 Kc4 59. Ke2 Kc3 60. Kd1 d3 61. Nxd3 1/2-1/2

[Event "Corus-C"]
[Site "Wijk aan Zee"]
[Date "2006.01.19"]
[Round "5"]
[White "Afek, Yochanan"]
[Black "Van der Weide, Karel"]
[Result "0-1"]
[WhiteElo "2370"]
[BlackElo "2466"]
[Annotator "Rogozenco,D"]
[PlyCount "104"]
[EventDate "2006.01.14"]
[EventType "tourn"]
[EventRounds "13"]
[EventCountry "NED"]
[EventCategory "9"]
[SourceTitle "CBM 111"]
[Source "ChessBase"]
[SourceDate "2006.04.04"]
[SourceVersion "1"]
[SourceVersionDate "2006.04.04"]
[SourceQuality "1"]

1. e4 c5 2. c3 Nf6 3. e5 Nd5 4. Nf3 e6 5. d4 cxd4 6. cxd4 b6 (6... d6) 7. Nc3 {
This popular move is in my opinion worse than its main alternatives 7.Bd3 and
7.Bc4.} (7. a3 Ba6 $11 (7... Be7 {is playable too})) (7. Bd3 Ba6 8. O-O $1 (8.
Bxa6 Nxa6 9. O-O Be7 10. Nbd2 O-O 11. Ne4 Nac7 $11) 8... Be7 (8... Bxd3 9. Qxd3
d6 10. Nc3 Nxc3 11. Qxc3 Be7 12. d5 $1 $16 {[%csl Rg7][%cal Gc3g7]}) 9. Nc3
Nxc3 10. bxc3 {[%cal Gc3c4]} Bxd3 11. Qxd3 d5 12. exd6 Bxd6 (12... Qxd6 {
unexpectedly runs into} 13. Ba3 $1 {with the idea} Qxa3 14. Qe4 $18) 13. Ng5 $5
$36 (13. d5 Be7 14. c4 $14)) (7. Bc4 Bb7 (7... Ba6 8. b3 $5 $13) 8. O-O Be7 9.
Bxd5 $1 Bxd5 10. Nc3 $14) 7... Nxc3 (7... Bb7 $6 8. Bd3 Nxc3 9. bxc3 Qc7 10.
O-O $1 Qxc3 11. Be3 $44) 8. bxc3 Qc7 9. Bd2 Bb7 10. Bd3 d6 11. O-O Nd7 12. Re1
(12. exd6 Bxd6 $11) (12. Bf4 Be7 $11) ({The complications after} 12. Ng5 dxe5
13. Qh5 g6 14. Qh3 Be7 {are not really dangerous for Black, although accuracy
is required from the second player.}) 12... dxe5 13. Nxe5 (13. dxe5 Be7 14. Nd4
Nc5 15. Bc2 h5 16. a4 a6 17. Qe2 Rd8 18. Rab1 g5 $15 {0-1 Rozentalis,E (2650)
-Sokolov,I (2615)/Malmo 1997 (52)}) 13... Nxe5 14. Rxe5 Bd6 15. Rh5 g6 16. Rh3
Qc6 17. Qf1 O-O 18. Bh6 $146 (18. Re1) 18... Rfc8 19. Re1 (19. c4 $142 $13)
19... Qa4 $1 (19... Qxc3 20. Bxg6 Bxh2+ 21. Kxh2 Qc7+ 22. Kg1 hxg6 23. Bg5 $14)
20. Bb1 $6 ({White had to sacrifice a pawn in order to keep the initiative:} 
20. c4 Qxa2 (20... Ba6 21. Rc1 $14) 21. Bg5 $44 {[%cal Gg5f6]}) 20... Qc4 ({
Another attractive continuation was} 20... Ba6 21. Bd3 Bxd3 22. Qxd3 Qxa2 23.
Qf3 {[%cal Gf3f6]} Be7 {and Black defends.}) 21. Re2 Ba6 22. Bd3 Qxd3 $1 23.
Rxd3 Bxd3 24. Bd2 e5 $17 25. Qe1 Bxe2 26. Qxe2 exd4 27. cxd4 Rc2 28. g3 Rd8 29.
Qd3 Rc7 {A safe decision.} (29... Rxa2 {was possible too. The lack of
coordination between rooks was a temporary factor:} 30. Bg5 (30. d5 Bc5) 30...
Re8 $17) 30. Bc3 $2 {This allows Black to arrange quickly the pieces in the
most convenient way.} ({After} 30. Qe4 Rcd7 (30... Re7 31. Qd5) 31. Qc6 Bf8 32.
Bg5 Be7 33. Be3 {Black's task would have been more difficult. For instance:}
Kg7 34. Bf4 {[%cal Gf4e5]} Bd6 (34... Bf6 $2 35. Bc7) 35. Bg5 Be7 36. Be3 Rd6
37. Qa4 a5 38. Bf4) 30... Be5 31. Bb2 Bg7 ({Stronger than} 31... Bxd4 32. Bxd4
Rcd7 33. Qa3 Rxd4 34. Qxa7) 32. Kg2 h5 33. h3 Rd5 34. Bc3 Rcd7 $19 {Now Black
will win pawn d4 and keep an extra pawn on the queenside, which secures an
easy win.} 35. Qa6 Bxd4 36. Bxd4 Rxd4 37. a4 Kg7 38. a5 bxa5 39. Qxa5 Kh7 40.
Qa6 R4d6 41. Qa5 Rd5 42. Qa4 a5 43. Qa2 Kg8 44. Qc4 Rd4 45. Qa6 a4 46. Qc8+ Kg7
47. Qc3 Kh7 48. Qa5 R7d5 49. Qa7 Kg7 50. h4 Rd2 51. Qxa4 Rf5 52. Qa1+ Rf6 0-1

[Event "Corus"]
[Site "Wijk aan Zee"]
[Date "2006.01.22"]
[Round "8"]
[White "Tiviakov, Sergei"]
[Black "Karjakin, Sergey"]
[Result "1/2-1/2"]
[WhiteElo "2669"]
[BlackElo "2660"]
[Annotator "Rogozenco,D"]
[PlyCount "87"]
[EventDate "2006.01.14"]
[EventType "tourn"]
[EventRounds "13"]
[EventCountry "NED"]
[EventCategory "19"]
[SourceTitle "CBM 111"]
[Source "ChessBase"]
[SourceDate "2006.04.04"]
[SourceVersion "1"]
[SourceVersionDate "2006.04.04"]
[SourceQuality "1"]

1. e4 c5 2. c3 Nf6 3. e5 Nd5 4. Nf3 Nc6 5. d4 cxd4 6. cxd4 d6 7. Bc4 Nb6 8. Bb5
Bd7 (8... dxe5 9. Nxe5 Bd7 $14 {/=}) 9. Nc3 (9. exd6 e6) (9. O-O Nxe5 $1) 9...
dxe5 10. dxe5 a6 $6 ({Critical is} 10... g6 11. O-O Bg7) 11. Be2 Bg4 (11... Be6
12. O-O Qxd1 13. Rxd1 Rd8 14. Rxd8+ Nxd8 15. Ng5 Bc4 16. Be3 Bxe2 17. Bxb6 Bc4
18. Rd1 Nc6 19. b3 h6 20. Nge4 Be6 21. Nc5 g5 22. Nxb7 $18 {1-0 Zhuravliov,
V-Makarov,A/Leningrad 1975 (23)}) (11... Bf5 12. Be3 (12. Qb3 Be6 13. Qc2 g6
14. O-O Bg7 15. Rd1 Qc7 16. Be3 Nd7 17. Ng5 Bf5 18. Qb3 e6 19. g4 $18 {1-0
Fodre,S (2290)-Ribaud Chevrey,P (2010)/Paris 1989 (33)}) 12... Nd7 13. Nd4 Nxd4
14. Bxd4 e6 15. Bf3 Qc7 16. O-O Rd8 17. Rc1 $16 {1-0 Bruno,E-Arregui,J (2310)/
San Isidoro 1993 (49)}) (11... e6 12. O-O Be7 13. Be3 O-O 14. a3 $16 (14. Bxb6
Qxb6 15. Qxd7 Rfd8 16. Na4 Qb4 17. Qc7 Qxa4 18. Qxb7 Rdb8 $13)) 12. Be3 Qxd1+
13. Rxd1 Nd7 14. h3 Bxf3 (14... Bh5 15. Nd5 $5 (15. e6 fxe6 16. Ng5 Bxe2 17.
Kxe2 $44) 15... O-O-O 16. e6 fxe6 17. Nf4 $16) 15. e6 $1 (15. Bxf3 Ndxe5) 15...
fxe6 16. Bxf3 Rd8 ({Possibly better is} 16... Rc8 {although White has a great
compensation anyway.}) 17. Bxc6 {A simple decision. Tiviakov secures a long
lasting advantage.} bxc6 18. Ke2 $16 g6 19. Na4 ({After} 19. Ne4 $16 {the same
defensive plan as in the game wouldn't have worked out:} Bg7 20. Rd2 Rc8 21.
Rc1 Be5 22. Rdc2 Nb8 {and here White regains the pawn thanks to} 23. Ng5 {
with huge positional advantage.}) 19... Bg7 20. Rd2 Rc8 21. Rc1 Be5 22. Rdc2
Nb8 23. Ba7 Kf7 24. b3 ({or} 24. Bxb8 Rxb8 25. b3 Bf4) 24... Bf4 25. Rd1 Rc7
26. Bxb8 Rxb8 27. Nc5 Rb6 {Amazingly enough, Karjakin succeeded for the moment
to keep his extra pawn. However, his position is still difficult.} 28. Rd3 $1
Bd6 (28... e5 29. g3 Bg5 30. Rc4 $16) 29. Rf3+ Ke8 30. Nxe6 Ra7 31. Rc4 ({
Correct was} 31. Rfc3 $1 {White wins a pawn and exchanges a pair of rooks,
which is very important:} a5 (31... Kd7 32. Nf8+ $18) 32. Rxc6 Rxc6 33. Rxc6
Kd7 34. Nd4 a4 (34... Be5 35. Rc4 $16 {/+-}) (34... e5 35. Rxd6+ Kxd6 36. Nb5+
$18) 35. Rc4 axb3 36. axb3 $16) ({Less convincing is} 31. Rf8+ Kd7 32. Ng5 Rb5
$1 (32... h5 33. Rg8 $16) (32... h6 33. Nf7 h5 34. Rg8 $18) 33. h4 (33. Nxh7
Rh5 34. Rf7 Ke8 35. Rf8+ (35. Rg7 Be5) 35... Kd7 $11) 33... a5 {and Black gets
some counterplay.}) 31... a5 32. Re4 {This plan of preventing the advance ...
a4 doesn't really work, because the rook will have to protect the knight.} ({
Black also has counterplay after} 32. Rh4 h5 33. Nf8 a4 34. Nxg6 axb3 35. axb3
Ra2+) 32... c5 33. Rf8+ Kd7 34. Rh8 a4 35. Re3 ({After} 35. bxa4 Rb4 36. Rxb4
cxb4 {[%csl Rb4] the b-pawn will quickly be very dangerous.}) 35... axb3 36.
axb3 h5 37. Nf8+ Kc7 38. Nxg6 c4 $1 {That's why it was important to exchange a
pair of rooks.} 39. bxc4 Ra2+ 40. Kf3 Rbb2 41. Rxh5 Rxf2+ 42. Ke4 Rxg2 43. Ne5
Ra5 44. Kf3 (44. Kf3 Rc2 $11) 1/2-1/2

[Event "EU-ch 3rd"]
[Site "Batumi"]
[Date "2002.06.17"]
[Round "6"]
[White "Asylguzhin, Radik"]
[Black "Goloshchapov, Alexander"]
[Result "1/2-1/2"]
[WhiteElo "2387"]
[BlackElo "2543"]
[Annotator "Rogozenco,D"]
[PlyCount "32"]
[EventDate "2002.06.12"]
[EventType "swiss"]
[EventRounds "13"]
[EventCountry "GEO"]
[SourceTitle "CBM 090"]
[Source "ChessBase"]
[SourceDate "2002.09.20"]
[SourceVersion "1"]
[SourceVersionDate "2002.09.20"]
[SourceQuality "1"]

1. e4 c5 2. c3 Nf6 3. e5 Nd5 4. d4 cxd4 5. Qxd4 {Playing c3 and then taking
with the queen doesn't look impressive.} e6 6. Nf3 (6. Bc4 Nc6 7. Qe4 Nde7 $1)
6... Nc6 7. Qe4 f5 8. Qe2 (8. exf6 Nxf6 {gives Black a good dynamic play,
which compensate deficiencies in pawn formation.}) 8... Qc7 9. g3 b5 $5 {
Black uses tactics to seize space on the queenside. The idea is old enough,
but became popular only a couple of years ago. Comparind to the traditional 9..
.d6 (which is also perfectly playable), the move 9...b5 leads to positions
very easy to play with Black. He has a clear plan to advance queenside pawns,
while for White is more difficult to find counterplay. Black ignores the pawn
on e5 for a while. Later it might easily prove to be a weakness.} (9... d6 10.
exd6 Bxd6 11. Bg2 O-O 12. O-O Nf6 $11) 10. Bg2 (10. Qxb5 Nxe5) 10... a5 11. O-O
Ba6 12. Re1 {White tried other continuations too, but in all cases Black's
results in the practice are impressive.} (12. Rd1 Bc5 13. Nd4 b4 14. Nb5 Qb6
15. c4 O-O $1 {White has problems to finish the queenside developing.}) (12.
Bf4 Be7 13. Nbd2 O-O 14. Rfe1 b4 15. c4 Nxf4 16. gxf4 a4 17. Red1 Rad8 18. b3
Rfe8 19. bxa4 d5 $17 {0-1 Rusanov,M-Brodsky,M/St Petersburg 2000 (51)}) 12...
Bc5 13. Nbd2 (13. Ng5 b4 14. c4 Nd4 15. Qd3 h6 16. Nh3 b3 17. axb3 Rb8 18. Qd1
Ne7 19. b4 Bxb4 20. Re3 Qxc4 21. Nc3 Bb7 22. Nf4 Bxg2 23. Kxg2 O-O $19 {
0-1 Rogers,I-Van der Sterren,P/Eerbeek 1978 (36)}) 13... O-O 14. Nb3 b4 (14...
Bb6 15. Nbd4 (15. Qc2 a4) 15... b4 16. Nb5 Bxb5 17. Qxb5 bxc3 18. bxc3 Nxc3 19.
Qc4 Ne4 20. Be3 Rac8 21. Rad1 Bxe3 22. Rxe3 Qa7 23. Qa4 Rb8 $19 {0-1 Kranzl,
P-Stanec,N/Aschach 1997 (37)}) 15. Qc2 Ba7 16. c4 Nde7 {An unexpected decision
to call it a day. Of course the position is full of play and Black's chances
are certainly not worse.} 1/2-1/2

[Event "NED-ch57"]
[Site "Leeuwarden"]
[Date "2002.06.28"]
[Round "8"]
[White "Jonkman, Harmen"]
[Black "Tiviakov, Sergei"]
[Result "0-1"]
[WhiteElo "2520"]
[BlackElo "2625"]
[Annotator "Rogozenco,D"]
[PlyCount "98"]
[EventDate "2002.06.20"]
[EventType "tourn"]
[EventRounds "9"]
[EventCountry "NED"]
[EventCategory "13"]
[SourceTitle "CBM 090"]
[Source "ChessBase"]
[SourceDate "2002.09.20"]
[SourceVersion "1"]
[SourceVersionDate "2002.09.20"]
[SourceQuality "1"]

1. e4 c5 2. c3 d5 3. exd5 Qxd5 4. d4 e6 5. Nf3 Nf6 6. Be3 cxd4 7. cxd4 Nc6 8.
Nc3 Qd6 9. a3 Be7 10. Bd3 b6 11. O-O Bb7 12. Qe2 O-O 13. Rad1 Rad8 (13... Rfd8
{followed by ...Rac8 and ...Qb8 is another way to arrange the rooks.}) 14. Bb1
Rfe8 15. Rfe1 Qb8 16. b4 {Same opponents played this line several months
earlier. White played 16.Bg5 then and also achieved nothing.} (16. Bg5 g6 17.
h4 (17. Ba2 Nh5 {was also okay for Black in Adams-Hulak, Wijk aan Zee 1995. 17.
..Ng4 looks good as well.}) 17... Ng4 18. Bxe7 Rxe7 19. Ne5 Ngxe5 20. dxe5 Rxd1
21. Nxd1 Qd8 22. Nc3 Qd4 $13 {0-1 Jonkman,H-Tiviakov,S/Valle d'Aosta ITA 2002 
(31)}) (16. Ng5 $5) 16... g6 17. h3 {Doubtful novelty. White must find an
active plan, since a passive play will allow Black to consolidate and have
strategical advantage against isolani on d4.} (17. Ba2 Nd5 $6 (17... Bf8 18.
Bg5 Bg7 $13) 18. Nxd5 exd5 19. Qd2 a5 20. b5 Na7 21. Bf4 Bd6 22. Be5 $1 Nxb5
23. Qh6 $1 Rxe5 24. dxe5 Bf8 25. Qh4 Bg7 26. e6 h6 27. exf7+ {1-0 Vajda,
L-Horvath,P/Budapest HUN 2002 (27)}) 17... Bf8 18. Bg5 Bg7 19. Ba2 h6 20. Bxf6
{White is already slightly worse and he tries to get rid of IQP.} (20. Bh4 Ne7
21. Bg3 Qa8 $15) 20... Bxf6 21. Ne4 Bg7 22. d5 exd5 23. Bxd5 Nd4 $5 {Forcing a
favourable endgame.} 24. Rxd4 (24. Nxd4 $2 Bxd5 $19) 24... Bxd5 25. Rxd5 Rxd5
26. Nf6+ Bxf6 27. Qxe8+ Qxe8 28. Rxe8+ Kg7 29. Ra8 (29. Kf1 Rd3 30. Re3 (30. a4
Ra3 $19) 30... Rxe3 31. fxe3 b5 32. Nd4 (32. Ke2 Bb2 33. Nd4 a6 34. Nc2 Kf6 $17
) 32... Bxd4 33. exd4 f5 $1 (33... Kf6 34. Ke2 Ke6 35. g4 $1 (35. Kd3 f5 $1 $19
(35... Kd5 36. g4 $1 f5 37. gxf5 gxf5 38. Ke3))) 34. Ke2 Kf6 $19 {and Black
wins the pawn endgame}) 29... Rd1+ $1 30. Kh2 Rd7 {[%csl Rf3,Rh2] White has an
active rook, but other pieces are clearly bad placed. The main problem for
White is that he cannot find a good job for the knight.} 31. b5 Bb2 32. a4 Kf6
33. Re8 $2 (33. g4 Ba3 34. Kg2 Bc5 35. h4 Re7 36. Kf1 {and White has chances
to save the game.}) 33... Ba3 34. g4 Re7 $1 35. Ra8 (35. Rxe7 {After the trade
of rooks the activity of black kind decides.} Kxe7 36. Nd4 Kd6 37. Nc6 a5 38.
Kg2 Kd5 39. Kf3 Kc4 40. Ne5+ Kb3 41. Nxf7 Kxa4 42. Nxh6 Kxb5 $19) 35... Bc5 36.
Kg3 $6 Re2 $19 37. Rxa7 Bxf2+ 38. Kg2 Bc5+ 39. Kh1 (39. Kg3 Bd6+) 39... Rf2 40.
g5+ hxg5 41. Nh2 Ra2 42. Ng4+ Ke6 43. Nh6 f6 44. Ra8 f5 45. Rc8 Kf6 46. Rc7
Rxa4 47. Rf7+ Ke5 48. Rg7 Kf4 49. Rxg6 Kf3 0-1

[Event "FIDE World Cup"]
[Site "Khanty-Mansiysk"]
[Date "2005.12.04"]
[Round "3.2"]
[White "Tiviakov, Sergei"]
[Black "Sakaev, Konstantin"]
[Result "0-1"]
[WhiteElo "2700"]
[BlackElo "2668"]
[Annotator "Rogozenco,D"]
[PlyCount "106"]
[EventDate "2005.11.27"]
[EventType "k.o."]
[EventRounds "7"]
[EventCountry "RUS"]
[SourceTitle "CBM 111"]
[Source "ChessBase"]
[SourceDate "2006.04.04"]
[SourceVersion "1"]
[SourceVersionDate "2006.04.04"]
[SourceQuality "1"]

1. e4 c5 2. c3 Nf6 3. e5 Nd5 4. Bc4 Nb6 5. Bb3 c4 6. Bc2 Nc6 7. Nf3 Qc7 8. Qe2
g5 {This variation represents for Black the most principled way to use the
delay of White's d2-d4.} 9. h3 Bg7 10. O-O Nxe5 11. Nxg5 d5 12. a4 Bd7 13. a5
Nc8 14. Nf3 ({Another possibility is to leave the knight on e5:} 14. d4 cxd3
15. Bxd3 $13) 14... Ng6 15. d4 cxd3 16. Bxd3 (16. Qxd3 e6 17. Re1 Nce7 18. a6
e5 19. axb7 Qxb7 20. Qa6 Qc7 21. Qa5 Qb7 {1/2-1/2 Tiviakov,S (2631)-Radjabov,T
(2673)/Warsaw 2005}) 16... e5 17. a6 Nce7 $1 $146 (17... b6 18. c4 dxc4 19. Be4
Rb8 20. Nc3 Nce7 21. Nd5 Nxd5 22. Bxd5 Bc6 (22... O-O $142) 23. Qxc4 Rc8 24.
Be3 Bxd5 25. Qxd5 O-O 26. Rfc1 Qe7 27. Qb7 $16 {1-0 Tiviakov,S (2678)
-Gladyszev,O (2436)/Port Erin 2005 (36)}) 18. axb7 Qxb7 19. Ba6 Qc7 {The
strong pawn center supported by the pieces secure Black better chances.} 20.
Na3 O-O 21. Nb5 ({It was better to start with} 21. Rd1 {although after} Rab8 {
Black's position looks preferable anyway}) 21... Qc6 22. Be3 Nf5 23. Rfd1 (23.
Nxa7 Qc7 24. Nb5 Qb8 25. Na3 Nxe3 26. fxe3 Qb6 27. Bb5 Bxb5 28. Nxb5 (28. Qxb5
Qxe3+ $17) 28... Rxa1 29. Rxa1 Rb8 $17) 23... Nxe3 24. fxe3 (24. Qxe3 Rfb8 25.
Nxa7 Qc7 $19) 24... Qb6 25. Kh1 e4 26. Nh2 Ne7 $17 27. Nd4 Rab8 28. Rd2 Kh8 29.
Qf2 f5 30. g3 Ng6 31. Ne2 Be6 32. Nd4 Bd7 {Sakaev won the first game of this
mini-match and a draw would have been sufficient to get through.} 33. b4 {
Tiviakov is obliged to play for a win.} ({After} 33. Ne2 {Black is of course
not forced to repeat. He keeps advantage in many ways. For instance:} Qc7 {
[%cal Gb8b6]} (33... f4 $5 34. Nxf4 Nxf4 35. gxf4 Bxh3 36. Rxd5 Qxb2 $15) 34.
Nf1 (34. Rxd5 $6 Rxb2 $17) 34... Rb6 35. Nf4 Nxf4 36. gxf4 Rh6 37. Kh2 Bf6 $40
{[%cal Gf8g8]}) 33... Ne5 34. Rda2 Nc6 35. Ne2 Be6 36. Ra3 Bg8 37. Nf1 Ne5 38.
Nf4 Qh6 39. Be2 Ng6 40. Nh5 (40. Kh2 Rfc8 41. Rxa7 Rxc3 $17) 40... Be5 41. b5
Rbc8 42. Rxa7 Rxc3 43. R1a2 Rb3 44. h4 Rb1 45. R2a6 d4 $1 {Black's attack is
decisive} 46. exd4 Bd5 47. Qg2 f4 48. gxf4 Bxf4 49. Rd7 Bc4 50. Nxf4 (50. Bxc4
{Rogozenko} Qxh5 51. Ra3 e3 $19) 50... Bxe2 51. Rxg6 Qxh4+ 52. Qh3 Qxh3+ 53.
Nxh3 hxg6 0-1